000 00383nam a2200157Ia 4500
008 221030s9999 xx 000 0 und d
020 _a812031641x
041 _aEnglish
082 _a105.23
_bLeb
100 _aI. Lebow
245 0 _aUnderstanding Digital Transmission & Recording
_cby I. Lebow
260 _bPHI
_aNew Delhi
_c2000
300 _a2000
650 _aECE
942 _cBK
999 _c2309
_d2309